| 000 | 00561nam a2200205 a 4500 | ||
|---|---|---|---|
| 003 | PILC | ||
| 005 | 20150112093427.0 | ||
| 008 | 100719s19uu xx 00 eng d | ||
| 020 | _a9780273619802 | ||
| 050 |
_aHF 5686.C7 _b.W873 1996 |
||
| 082 |
_aASF 657.21 _bW85 1996 |
||
| 100 |
_aWood, Frank _93718 |
||
| 245 | _aBusiness accounting. | ||
| 250 | _a7th ed.. | ||
| 260 |
_aLong Acre, London : _bPitman Publishing, _c1996. |
||
| 300 |
_a623 pages : _billustration ; _c25 cm. |
||
| 500 | _aIncludes index. | ||
| 650 |
_aAccounting _91134 |
||
| 942 |
_2lcc _cBK |
||
| 999 |
_c14227 _d14227 |
||